| 000 -LEADER |
| fixed length control field |
02641cam a22003858i 4500 |
| 001 - CONTROL NUMBER |
| control field |
21743452 |
| 003 - CONTROL NUMBER IDENTIFIER |
| control field |
NUST |
| 005 - DATE AND TIME OF LATEST TRANSACTION |
| control field |
20240306093747.0 |
| 008 - FIXED-LENGTH DATA ELEMENTS--GENERAL INFORMATION |
| fixed length control field |
201005s2021 nyu b 001 0 eng |
| 010 ## - LIBRARY OF CONGRESS CONTROL NUMBER |
| LC control number |
2020045012 |
| 020 ## - INTERNATIONAL STANDARD BOOK NUMBER |
| International Standard Book Number |
9780367467227 |
| Qualifying information |
(paperback) |
| 020 ## - INTERNATIONAL STANDARD BOOK NUMBER |
| Canceled/invalid ISBN |
9781003031932 |
| Qualifying information |
(ebook) |
| 040 ## - CATALOGING SOURCE |
| Original cataloging agency |
DLC |
| Language of cataloging |
eng |
| Description conventions |
rda |
| Transcribing agency |
DLC |
| 042 ## - AUTHENTICATION CODE |
| Authentication code |
pcc |
| 050 00 - LIBRARY OF CONGRESS CALL NUMBER |
| Classification number |
NA7145 |
| Item number |
.W35 2021 |
| 082 00 - DEWEY DECIMAL CLASSIFICATION NUMBER |
| Classification number |
728.314 |
| Edition number |
23 |
| Author Mark |
WAL |
| 100 1# - MAIN ENTRY--PERSONAL NAME |
| Personal name |
Wallance, David, |
| Relator term |
author. |
| 9 (RLIN) |
121875 |
| 245 14 - TITLE STATEMENT |
| Title |
The future of modular architecture / |
| Statement of responsibility, etc. |
David Wallance. |
| 263 ## - PROJECTED PUBLICATION DATE |
| Projected publication date |
2104 |
| 264 #1 - PRODUCTION, PUBLICATION, DISTRIBUTION, MANUFACTURE, AND COPYRIGHT NOTICE |
| Place of production, publication, distribution, manufacture |
New York : |
| Name of producer, publisher, distributor, manufacturer |
Routledge, |
| Date of production, publication, distribution, manufacture, or copyright notice |
2021. |
| 300 ## - PHYSICAL DESCRIPTION |
| Extent |
286p.: |
| Other physical details |
ill; |
| 336 ## - CONTENT TYPE |
| Content type term |
text |
| Content type code |
txt |
| Source |
rdacontent |
| 337 ## - MEDIA TYPE |
| Media type term |
unmediated |
| Media type code |
n |
| Source |
rdamedia |
| 338 ## - CARRIER TYPE |
| Carrier type term |
volume |
| Carrier type code |
nc |
| Source |
rdacarrier |
| 504 ## - BIBLIOGRAPHY, ETC. NOTE |
| Bibliography, etc. note |
Includes bibliographical references and index. |
| 520 ## - SUMMARY, ETC. |
| Summary, etc. |
"The Future of Modular Architecture presents an unprecedented proposal for mass-customized mid- and high-rise modular housing that can be manufactured and distributed on a global scale. Advocating for the adoption of open-source design based on a new modular standard, the book shows how the construction industry and architectural practice may soon be radically reshaped. By leveraging the existing intermodal freight transport system, global supply chains can be harnessed to realize the long-held promise that housing will be a well-designed and affordable industrial product. We are on the cusp of a transformative change in the way we design and build our cities. Author David Wallance argues that modular architecture is profoundly intertwined with globalization, equitable urbanism, and sustainable development. His book addresses these timely issues through a specific approach grounded in fundamental concepts. Going beyond the individual modular building, Wallance forecasts the emergence of a new type of design, manufacturing, and construction enterprise. Written in an approachable style with illustrated examples, the book is a must read for professionals in architecture and design, city planning, construction, real estate, as well as the general reader with an interest in these topics"-- |
| Assigning source |
Provided by publisher. |
| 650 #0 - SUBJECT ADDED ENTRY--TOPICAL TERM |
| Topical term or geographic name entry element |
Prefabricated apartment houses. |
| 9 (RLIN) |
121876 |
| 650 #0 - SUBJECT ADDED ENTRY--TOPICAL TERM |
| Topical term or geographic name entry element |
Modular construction. |
| 9 (RLIN) |
119044 |
| 650 #0 - SUBJECT ADDED ENTRY--TOPICAL TERM |
| Topical term or geographic name entry element |
Housing. |
| 9 (RLIN) |
32423 |
| 650 #0 - SUBJECT ADDED ENTRY--TOPICAL TERM |
| Topical term or geographic name entry element |
Architecture and globalization. |
| 9 (RLIN) |
121877 |
| 776 08 - ADDITIONAL PHYSICAL FORM ENTRY |
| Relationship information |
Online version: |
| Main entry heading |
Wallance, David. |
| Title |
Future of modular architecture |
| Place, publisher, and date of publication |
New York : Routledge, 2021 |
| International Standard Book Number |
9781003031932 |
| Record control number |
(DLC) 2020045013 |
| 906 ## - LOCAL DATA ELEMENT F, LDF (RLIN) |
| a |
7 |
| b |
cbc |
| c |
orignew |
| d |
1 |
| e |
ecip |
| f |
20 |
| g |
y-gencatlg |
| 942 ## - ADDED ENTRY ELEMENTS (KOHA) |
| Source of classification or shelving scheme |
|
| Koha item type |
Book |